|
|
|
|
| LEADER |
00976pam a22002778a 4500 |
| 001 |
00027476 |
| 005 |
20171026081023.0 |
| 008 |
111121s2009 ||||||Viesd |
| 020 |
|
|
|c 45500
|
| 041 |
0 |
# |
|a Vie
|
| 082 |
1 |
# |
|a 959.704
|b Đ103C
|
| 100 |
1 |
# |
|a Đinh, Xuân Lâm
|e Chủ biên
|
| 245 |
1 |
0 |
|a Đại cương lịch sử Việt Nam
|c Đinh Xuân Lâm chủ biên, Nguyễn Văn Khánh, Nguyễn Đình Lễ
|n T.2
|p (1858 - 1945)
|
| 250 |
# |
# |
|a Tái bản lần thứ 11
|
| 260 |
# |
# |
|a Hà Nội
|b Giáo dục
|c 2009
|
| 300 |
# |
# |
|c 24 cm.
|a 383 tr.
|
| 650 |
# |
7 |
|y 1858 - 1945
|2 Lịch sử
|z Việt Nam
|
| 653 |
# |
# |
|a Đại cương lịch sử Việt Nam
|
| 700 |
1 |
# |
|a Nguyễn, Văn Khánh
|
| 700 |
1 |
# |
|a Nguyễn, Đình Lễ
|
| 852 |
# |
# |
|b Kho đọc
|j KD.0012028
|
| 852 |
# |
# |
|j KD.0012028
|
| 910 |
|
|
|d 21/11/2011
|
| 980 |
# |
# |
|a Trung tâm Học liệu Lê Vũ Hùng, Trường Đại học Đồng Tháp
|